000 00619nam a2200229Ia 4500
003 OSt
005 20221006164639.0
006 a|||||r|||| 00| 0
007 ta
008 221006b |||||||| |||| 00| 0 eng d
024 _a2,415
037 _cTextual
040 _aFML
_cFML
_beng
041 _2eng
_aeng
082 _aNR44wx, P4
100 _aRoy Ashok Au.
_9678005
245 0 _aMusic Makers
_b Living Legends of Indian Classical Music
260 _aNew Delhi
_bRupa & Co.
_c2004
300 _a331
_ccm.
942 _hNR44wx, P4
_cTEXL
_2CC
999 _c1117980
_d1117980